| 000 | 00443cam a2200169ua 4500 | ||
|---|---|---|---|
| 020 | _c275.00 | ||
| 041 |
_aeng _h |
||
| 082 |
_a620.0042 _bPAR/IN |
||
| 100 | _aParameswaran, P.A . | ||
| 245 |
_aIntroduction to design engineering / _cM.A.Parameswaran. _hTextual Documents |
||
| 260 |
_aNew Delhi : _bNarosa Publishing House , _c2004. |
||
| 300 | _a208 ; . | ||
| 365 | _a275.00 | ||
| 504 | _a | ||
| 942 | _cBK | ||
| 999 |
_c12173 _d12173 |
||